BIBLIOTECA PODER JUDICIAL
Portal Judicial TDF

Ampliando el modelo familiar como medio de protección de derechos / (Registro nro. 6226)

000 -LEADER
fixed length control field 01613nab a22002657a 4500
003 - CONTROL NUMBER IDENTIFIER
control field OSt
005 - DATE AND TIME OF LATEST TRANSACTION
control field 20260126020005.0
008 - FIXED-LENGTH DATA ELEMENTS--GENERAL INFORMATION
fixed length control field 190514b xxu||||| |||| 00| 0 spa d
040 ## - CATALOGING SOURCE
Transcribing agency PJ
100 ## - MAIN ENTRY--PERSONAL NAME
9 (RLIN) 6947
Personal name Avellaneda, María Pía
245 10 - TITLE STATEMENT
Title Ampliando el modelo familiar como medio de protección de derechos /
Remainder of title
Statement of responsibility, etc María Pía Avellaneda, Estefanía Pereyra.
300 ## - PHYSICAL DESCRIPTION
Extent p. 242-254
500 ## - GENERAL NOTE
General note Cita: TR LALEY AR/DOC/2119/2024.
505 ## - FORMATTED CONTENTS NOTE
Formatted contents note Sumario: I. Derecho a vivir en familia. Enfoque de los derechos humanos de los niños, niñas y adolescentes.— II. Los NNyA en los procesos y el derecho a decidir.— III. Responsabilidad parental. Titularidad y ejercicio.— IV. Modelo de familia alternativo. Desdoblamiento del sistema de crianza.— V. El caso: "D. Y. C. M. s/ especiales (residual)".— VI. Análisis de la sentencia. Palabras finales.
505 ## - FORMATTED CONTENTS NOTE
Title Fallo comentado: JFamilia y Sucesiones 1a Nom., Tucumán ~ 21/02/2024 ~ D. Y. C. M. s/ especiales (residual). JFamilia y Sucesiones 1a Nom., Tucumán ~ 21/02/2024 ~ D. Y. C. M. s/ especiales (residual).
650 #0 - SUBJECT ADDED ENTRY--TOPICAL TERM
9 (RLIN) 967
Topical term or geographic name as entry element DERECHO DE FAMILIA
650 #0 - SUBJECT ADDED ENTRY--TOPICAL TERM
9 (RLIN) 2741
Topical term or geographic name as entry element DERECHOS DE LAS NIÑAS, NIÑOS Y ADOLESCENTES
650 #0 - SUBJECT ADDED ENTRY--TOPICAL TERM
9 (RLIN) 1015
Topical term or geographic name as entry element RESPONSABILIDAD PARENTAL
650 #0 - SUBJECT ADDED ENTRY--TOPICAL TERM
9 (RLIN) 6744
Topical term or geographic name as entry element CRIOPRESERVACIÓN DE EMBRIONES
650 #0 - SUBJECT ADDED ENTRY--TOPICAL TERM
9 (RLIN) 4273
Topical term or geographic name as entry element CONSENTIMIENTO INFORMADO
650 #0 - SUBJECT ADDED ENTRY--TOPICAL TERM
9 (RLIN) 1057
Topical term or geographic name as entry element JURISPRUDENCIA APLICABLE
700 ## - ADDED ENTRY--PERSONAL NAME
9 (RLIN) 6948
Personal name Pereyra, Estefanía
773 0# - HOST ITEM ENTRY
Host Biblionumber 2844
Host Itemnumber 3222
Place, publisher, and date of publication Buenos Aires : AbeledoPerrot, 1989-
Title Derecho de familia. Revista Interdisciplinaria de doctrina y jurisprudencia. Octubre 2024-V.
International Standard Book Number 18511201
942 ## - ADDED ENTRY ELEMENTS (KOHA)
Source of classification or shelving scheme
Koha item type Analítica Artículo de Revista

No hay ítems disponibles.

12 de Octubre 789 Ushuaia - Tel:  54(02901)441571
Horario de Atención: 8.00 a 17.00 hs. 
bibliotecaush@justierradelfuego.gov.ar
koha@justierradelfuego.gov.ar
Seguinos en nuestras redes @bibliojustdf 

Con tecnología Koha